000 00999nam a2200277 i 4500
001 106526
003 ES-MaACL
005 20250811101602.0
007 t|
008 061129s1975 sp ||||1| spa d
080 _a75 Fiume, Salvatore (083.82)
100 1 _aFiume, Salvatore.
_951079
245 1 0 _aSalvatore Fiume
_b: [exposición] Ateneo de Madrid, Sala de Santa Catalina, 14 marzo-14 abril 1975.
260 _aMadrid :
_bAteneo de Madrid,
_c1975.
300 _a[24] p. :
_bil. ;
_c25 cm.
490 1 _aAteneo de Madrid. Sala de Santa Catalina ;
_v7
600 1 4 _aFiume, Salvatore-
_vExposiciones.
_951080
610 2 7 _aAteneo de Madrid-
_vExposiciones-
_y1970-1979.
_91921
655 7 _2tgfbne
_9193628
_aCatálogos de exposiciones
710 2 _aAteneo de Madrid.
_bSala de Santa Catalina.
_91964
830 1 0 _aAteneo de Madrid.
_pSala de Santa Catalina
_v7
_9185232
852 4 _aES-MaACL
_j2209-F-29 ;
852 4 _aES-MaACL
_j2342-F-15.
942 _2udc
999 _c106526
_d106526